| 000 | 03372nam0a2200373 i 4500 | ||
|---|---|---|---|
| 001 | RU\NLR\BIBL_A\010352055 | ||
| 005 | 20260503061442.0 | ||
| 010 |
_a9785930788044 _9300 |
||
| 021 |
_aRU _b14-14220 |
||
| 035 | _a(NILC)RuMoRGB-006754356 | ||
| 035 | _a(NLR Aleph) 010352055 | ||
| 090 |
_a10749871 _c10749871 |
||
| 100 | _a20140429d2013 km y0rusy50 ca | ||
| 101 | 0 | _arus | |
| 102 | _aRU | ||
| 105 | _aa|||z|||11||| | ||
| 200 | 1 |
_aЗадачи системы дополнительного образования детей Ставропольского края в связи с вступлением в силу Федерального закона "Об образовании в Российской Федерации" _eсборник материалов краевой научно-практической конференции, посвященной 95-летию государственной системы дополнительного (внешкольного) образования детей _f[сост. Соколова А. А.] |
|
| 210 |
_aСтаврополь _cСервисшкола _d2013 |
||
| 215 |
_a210, [4] с. _cил., табл. _d21 |
||
| 300 | _aВ надзаг.: М-во образования и молодеж. политики Ставропол. края, Гос. бюджет. образоват. учреждение доп. образования детей "Краевой центр развития творчества детей и юношества им. Ю. А. Гагарина" | ||
| 320 | _aБиблиогр. в конце ст. | ||
| 606 | 1 |
_aДополнительное образование детей _jСъезды, совещания и т.п _yСтавропольский край _92185900 _3RU\NLR\AUTH\6601550447 |
|
| 675 | _a371.398(082) | ||
| 686 | 1 | _aЧ421.387я431 | |
| 702 | 1 |
_4220 _aСоколова _bА. А. _cпедагог, внешкольное образование _gАлена Анатольевна _9134093 _3RU\NLR\AUTH\770134127 |
|
| 711 | 1 | 2 |
_a"Задачи системы дополнительного образования детей Ставропольского края в связи с вступлением в силу Федерального закона "Об образовании в Российской Федерации", Интернет-форум _f2013 _9400885 _3RU\NLR\AUTH\880367109 |
| 711 | 1 | 2 |
_aСтавропольская краевая научно-практическая конференция, посвященная 95-летию государственной системы дополнительного (внешкольного) образования детей по теме "Задачи системы дополнительного образования детей Ставропольского края в связи с вступлением в силу Федерального закона "Об образовании в Российской Федерации" _f2013 _9400863 _3RU\NLR\AUTH\880367099 |
| 801 | 0 |
_aRU _bRuMoRKP _c20140303 _gRCR |
|
| 801 | 2 |
_aRU _bРГБ _c20140321 _grcr |
|
| 942 | _cBOOK | ||
| 980 | _aNBR | ||